K. Michelle Discography - Statistics

General Stats
  • This quiz has been taken 6 times
  • The average score is 3 of 9
Answer Stats
Type Year Name % Correct
Album 2014 Anybody Wanna Buy a Heart?
100%
Album 2013 Rebellious Soul
60%
Album 2017 Kimberly: The People I Used to Know
40%
Album 2016 More Issues Than Vogue
40%
Mixtape 2012 0 F...s Given
20%
Mixtape 2011 Signed, Sealed & Delivered
20%
Mixtape 2014 Still No F...s Given
20%
Mixtape 2010 What's the 901?
20%
Mixtape 2010 For Colored Girls / Pre-Pain Medicine
0%
No matching quizzes found
Score Distribution
Percent of People with Each Score
Percentile by Number Answered
Your Score History
You have not taken this quiz